La toma de decisiones estratégicas: una perspectiva integradora.
Uloženo v:
| Hlavní autor: | |
|---|---|
| Médium: | Kniha |
| Vydáno: |
Arica, Chile:
Ediciones Universidad de Tarapacá; Consorcio de Universidades Estatales,
2004.
|
| Vydání: | Primera edición |
| Témata: | |
| Tagy: |
Přidat tag
Žádné tagy, Buďte první, kdo vytvoří štítek k tomuto záznamu!
|
MARC
| LEADER | 00000nam a22000007a 4500 | ||
|---|---|---|---|
| 003 | CL-VaPUC | ||
| 005 | 20230308091250.0 | ||
| 008 | 230125t2004 ||||| |||| 00| 0 eng d | ||
| 999 | |c 439959 |d 439957 | ||
| 020 | |a 956-7021-19-8 | ||
| 040 | |c Pontificia Universidad Católica de Valparaíso | ||
| 082 | 0 | 4 | |2 22 |a 658.403 ROD 2004 |
| 100 | 1 | |a Rodríguez Ponce, Emilio René |e autor |9 880217 | |
| 245 | 1 | 3 | |a La toma de decisiones estratégicas: una perspectiva integradora. |
| 250 | |a Primera edición | ||
| 260 | |a Arica, Chile: |b Ediciones Universidad de Tarapacá; |b Consorcio de Universidades Estatales, |c 2004. | ||
| 300 | |a 133 páginas. | ||
| 500 | |a c.1 Donaciones Rectoria Diciembre 2022. | ||
| 583 | |c 20230125 |k Catalogador Asistente | ||
| 650 | 1 | |a Toma de decisiones |9 257530 | |
| 650 | 1 | |a Planificación estratégica |9 259735 | |
| 942 | |2 ddc |c BK | ||
| 952 | |0 0 |1 0 |2 ddc |4 0 |6 658_403000000000000_ROD_2004 |7 0 |8 A |9 588739 |a BIBENE |b BIBENE |c GEN |d 2023-01-25 |e Donación |i 5656509 |o 658.403 ROD 2004 |p 5656509 |r 2025-01-15 |t 1 |w 2023-01-25 |y BK |k ICO | ||